Most Common First Names in United States - Ш - Statistics

General Stats
  • This quiz has been taken 71 times
  • The average score is 8 of 20
Answer Stats
Hint Answer % Correct
20 Sharon
74%
190 Shane
69%
92 Shawn
69%
119 Sherry
65%
123 Shannon
62%
294 Shelly
54%
124 Sheila
52%
936 Shirley
51%
27 Shirley
51%
442 Sheldon
42%
327 Shaun
38%
297 Sherri
34%
307 Sheryl
34%
393 Sherman
32%
354 Shelley
26%
656 Shelby
15%
773 Shelton
14%
1086 Shayne
11%
317 Shannan
5%
374 Shelia
3%
No matching quizzes found
Score Distribution
Percent of People with Each Score
Percentile by Number Answered
Your Score History
You have not taken this quiz